FIFA Highest Rated Players - Statistics

General Stats
  • This quiz has been taken 57 times
  • The average score is 15 of 19
Answer Stats
Hint Answer % Correct
90 Cristiano Ronaldo
100%
91 Lionel Messi
100%
91 Kylian Mbappe
94%
91 Neymar
92%
91 Robert Lewandowski
90%
91 Karim Benzema
88%
91 Kevin De Bruyne
82%
90 Manuel Neuer
82%
90 Luka Modric
80%
90 Virgil van Dijk
78%
90 Mohamed Salah
76%
90 Alisson
71%
90 Thibaut Courtois
71%
90 Harry Kane
69%
90 Sadio Mane
69%
91 Eden Hazard
61%
91 Jan Oblak
57%
90 N'Golo Kante
53%
90 Marc-Andre Ter Stegen
47%
No matching quizzes found
Score Distribution
Percent of People with Each Score
Percentile by Number Answered
Your Score History
You have not taken this quiz